|
|
|
|
| LEADER |
02153nam a2200493 i 4500 |
| 001 |
EBC3048823 |
| 003 |
MiAaPQ |
| 005 |
20201020202205.0 |
| 006 |
m o d | |
| 007 |
cr cnu|||||||| |
| 008 |
150126t20062006gw ob 001 0 ger d |
| 020 |
|
|
|z 9783486579819
|
| 020 |
|
|
|a 9783486840148 (e-book)
|
| 035 |
|
|
|a (MiAaPQ)EBC3048823
|
| 035 |
|
|
|a (Au-PeEL)EBL3048823
|
| 035 |
|
|
|a (CaPaEBR)ebr11004313
|
| 035 |
|
|
|a (OCoLC)922949758
|
| 040 |
|
|
|a MiAaPQ
|b eng
|e rda
|e pn
|c MiAaPQ
|d MiAaPQ
|
| 043 |
|
|
|a e-fr---
|
| 050 |
|
4 |
|a DC801.M65
|b .P487 2006
|
| 082 |
0 |
|
|a 944.3825
|2 23
|
| 100 |
1 |
|
|a Petry, Christine,
|e author.
|
| 245 |
1 |
0 |
|a Faire des sujets du roi :
|b rechtspolitik in Metz, Toul und Verdun unter franzosischer Herrschaft (1552-1648) /
|c von Christine Petry.
|
| 264 |
|
1 |
|a Munich, Germany :
|b R. Oldenbourg Verlag,
|c 2006.
|
| 264 |
|
4 |
|c 2006
|
| 300 |
|
|
|a 1 online resource (336 pages).
|
| 336 |
|
|
|a text
|2 rdacontent
|
| 337 |
|
|
|a computer
|2 rdamedia
|
| 338 |
|
|
|a online resource
|2 rdacarrier
|
| 490 |
1 |
|
|a Pariser Historische Studien,
|x 0479-5997 ;
|v Band 73
|
| 504 |
|
|
|a Includes bibliographical resources and index.
|
| 588 |
|
|
|a Description based on print version record.
|
| 590 |
|
|
|a Electronic reproduction. Ann Arbor, MI : ProQuest, 2016. Available via World Wide Web. Access may be limited to ProQuest affiliated libraries.
|
| 651 |
|
0 |
|a Metz (France)
|x History.
|
| 651 |
|
0 |
|a Toul (France)
|x History.
|
| 651 |
|
0 |
|a Verdun (France)
|x History.
|
| 651 |
|
0 |
|a Metz (France)
|x Politics and government.
|
| 651 |
|
0 |
|a Toul (France)
|x Politics and government.
|
| 651 |
|
0 |
|a Verdun (France)
|x Politics and government.
|
| 655 |
|
4 |
|a Electronic books.
|
| 776 |
0 |
8 |
|i Print version:
|a Petry, Christine.
|t Faire des sujets du roi : rechtspolitik in Metz, Toul und Verdun unter franzosischer Herrschaft (1552-1648)
|d Munich, Germany : R. Oldenbourg Verlag, c2006
|h 334 pages
|k Pariser historische Studien ; Band 73.
|z 9783486579819
|w 2007358692
|
| 797 |
2 |
|
|a ProQuest (Firm)
|
| 830 |
|
0 |
|a Pariser historische Studien ;
|v Band 73.
|
| 856 |
4 |
0 |
|u https://ebookcentral.proquest.com/lib/matrademy/detail.action?docID=3048823
|z Click to View
|